[Event "XII Guillermo Garcia Prem II"]
[Site "CXC"]
[Date "2004.06.03"]
[Round "13"]
[White "Nogueiras, J."]
[Black "Esquivel, L."]
[Result "1-0"]
[WhiteElo "2482"]
[BlackElo "2314"]
[EventDate "2004.05.20"]
[Annotator "MI Maxim Notkin"]
[PlyCount "59"]
[Source "Chess Today"]
[SourceDate "2004.06.18"]

1. d4 d5 2. c4 dxc4 3. e3 e5
{Este lance foi testado muitas vezes no match Labourdonnais - McDonnell (Londres 1834). Para lutar por uma vantagem na abertura, as brancas devem permitir que o seu Peao central fique isolado.}
4. Bxc4 ({O fragil} 4. dxe5 Qxd1+ 5. Kxd1 Nc6 6. f4 f6 ({ou} 6... Bg4+
{leva a posicoes nas quais as pretas ficam com significativa vantagem de desenvolvimento.}))
4... exd4 5. exd4 Nf6 6. Nc3 Be7
{Outra possivel casa para o Bispo e d6, mas neste caso a cravada apos Bg5 pode se tornar muito desagradavel.}
7. Nf3 O-O 8. O-O ({Labourdonnais sempre jogava} 8. h3
{evitando Bg4. Esta ideia encontrou alguns seguidores, tais como Timman, Jussupow, Ivan Sokolov...})
8... Nbd7 (8... Bg4
{e uma alternativa razoavel. As brancas podem obter um jogo levemente melhor por meio de}
9. h3 Bxf3
{(se o Bispo recuar para h5, entao g4 Bg6 e as brancas colocam o seu Cavalo em e5, tomando a iniciativa)}
10. Qxf3 Nc6 11. Be3 Nxd4 12. Qxb7) 9. Re1 Nb6 10. Bb3 c6
{Para melhor descrever esta posicao, citarei as palavras de nosso editor chefe. No programa Chess Base eu encontrei a partida Sokolov - Huebner (Wijk aan Zee 1996) com um unico comentario de Alexander Baburin e que diz o essencial: "posicoes com o Peao preto em c6 ao inves de e6 sao favoraveis as brancas, pois normalmente e mais dificil para as pretas simplificarem a posicao aqui (a coluna "c" nao esta aberta) e a pressao na diagonal a2-g8 e bastante desagradavel".}
11. Bg5 Nfd5 $2
{Agora as brancas ficam com a possibilidade tatica de explorar a diferenca citada no comentario anterior. Eu mostrei esta partida para o GM Sergei Ivanov e ele fez um elegante comentario "e bastante estranho que ninguem tenha cometido esse erro antes". Realmente o lance parece muito natural, alem disso, com o Peao em e6 Botvinnik ganhou algumas partidas devido aos erros de seus fortes oponentes (em particular Vidmar) que colocavam em d5 o seu Cavalo b6. Mas com o Peao em c6 a concepcao de certo e errado muda! Quem e que entende uma partida de xadrez?!} (
{A partida Browne - Petrosian, Las Palmas 1982 seguiu} 11... Nbd5 12. Nxd5 cxd5
13. Ne5 Be6 14. Nd3 Ne4 15. Bxe7 Qxe7 16. f3 Nf6 17. Nc5 Rac8 18. Re3 Rc6
{e o ex-Campeao Mundial neutralizou gradualmente a pressao branca.}) 12. Rxe7
$1 Nxe7 13. Qe2 {A cravada no Cavalo e7 e decisiva.} 13... Re8 14. Re1 Kf8
15. Ne5
{As pretas manobram para proteger as suas pecas, mas agora as brancas jogam facilmente, pois as suas pecas estao nas posicoes ideais.}
15... Nbd5 ({O outro meio de cobrir a diagonal} 15... Be6 {perde para} 16. Bxe6
fxe6 17. Qf3+ Kg8 18. Qf7+ Kh8 19. Qxe6) 16. Bxd5 (16. Nxd5
{tambem e ganhador, pois apos} 16... cxd5 17. Qh5 Be6 18. Qxh7 Qd6 (18... f6
19. Bxf6 $1 gxf6 20. Qh8+ Ng8 (20... Bg8 21. Qh6#) 21. Ng6+ Kf7 22. Qh7#)
19. Ba4 {as pretas nao podem salvar a qualidade, por exemplo} 19... Rec8 $2
20. Nd7+ $1 Bxd7 21. Bxe7+ Qxe7 22. Qh8#) 16... cxd5 17. Qh5 Be6 18. Bxe7+ (
{Mais simples e} 18. Qxh7 Qc8 ({se} 18... Qd6 19. Nb5 Qb8
{as brancas aplicam a mesma ideia} 20. Nd7+ Bxd7 21. Bxe7+ Rxe7 22. Qh8#)
19. Nb5
{e as pretas nao possuem defesa contra Cd6, Tc1-c7 etc. Entretanto o caminho escolhido por Nogueiras e mais espetacular.})
18... Qxe7 19. Qxh7 Qg5 ({Ou} 19... Qd6 20. Qh8+ Ke7 21. Qxg7
{e as pretas nao sobrevivem.}) 20. Nxd5 $1 f6 (
{Alguma resistencia poderia ser oferecida no final que surge apos} 20... Qh6
21. Qxh6 gxh6 22. Nc7 Rac8 23. Nxe8 Kxe8) 21. Nf4 $1 fxe5 (21... Qxf4 22. Ng6+) (
21... Bf5 22. Nfg6+ Bxg6 23. Qh8+ $1 Ke7 24. Qxg7+ Kd6 25. Qd7#) 22. Nxe6+ Rxe6
23. Qh8+ Kf7 24. Qxa8
{Este e o fim. As brancas possuem dois Peoes a mais e o Rei do oponente esta na linha de fogo.}
24... Rb6 25. h4 Qd2 26. Rxe5 Qc1+ 27. Kh2 Qf4+ 28. Kh3 Re6 (28... Qxd4
29. Qe8+ Kf6 30. Qe7+ Kg6 31. Qg5+ Kf7 32. Qh5+ {ganhando.}) 29. Qxb7+ Kf6
30. Qf3 1-0

[Event "Campeonato Mundial da FIDE"]
[Site "CXC"]
[Date "2004.06.19"]
[Round "1.1"]
[White "Gagunashvili, M."]
[Black "Lputian, S."]
[Result "0-1"]
[WhiteElo "2562"]
[BlackElo "2634"]
[EventDate "2004.06.19"]
[Annotator "MI Maxim Notkin"]
[PlyCount "96"]
[Source "Chess Today"]
[SourceDate "2004.06.20"]

1. e4 e6 2. d4 d5 3. Nc3 Bb4 4. e5 c5 5. a3 Bxc3+ 6. bxc3 Ne7 7. Qg4 O-O
8. Nf3 (8. Bd3 $1) 8... Nbc6 9. Bd3 f5 10. exf6 (
{As brancas ficam muito bem apos} 10. Qg3 Qa5 11. Bd2
{entretanto, na absoluta maioria das partidas elas tomam en passant.})
10... Rxf6 11. Bg5 e5 (
{E agora nos temos o contrario. O avanco do Peao tem proporcionado excelentes resultados para as pretas e mesmo assim elas normalmente preferem:} 
11... Rf7) 12. Qg3 ({As pretas tambem devem contar com as agudas linhas} 
12. Qh4 e4 13. Bxf6 gxf6 14. Qxf6 exd3 15. cxd3) ({e} 12. Bxh7+ Kxh7 13. Qh4+
Kg8 14. Bxf6 gxf6 15. dxe5 Qf8
{As brancas ainda nao provaram que possuem vantagem, mas para jogar estas posicoes e necessario ter nervos de aco.})
12... Rxf3
{Jogando 11...e5 as pretas devem assumir a obrigacao de sacrificar a qualidade.}
13. gxf3 c4 14. Be2 Qa5 ({A linha} 14... exd4 15. Bf6 Qf8 16. Bxd4 Nf5 17. Qg5
{e considerada como a principal. O lance do texto tem sido aplicado com sucesso pelos GMs alemaes Hertneck e Kindermann.})
15. Bd2 Nf5 16. Qg5 Bd7 ({Na partida Roth - Kindermann, Vienna 1996 vimos} 
16... exd4 17. cxd4 ({talvez} 17. Rg1 dxc3 18. Be3 {seja melhor}) 17... c3
18. Be3 Ncxd4 19. Bxd4 Nxd4 20. Rg1 g6 21. Qe5 Qc5 $1 (21... Nxc2+ 22. Kd1 Nxa1
23. Qe8+ $11) 22. Qe8+ Qf8 23. Qxf8+ Kxf8 24. Kd1 Bf5 25. Rc1 Re8
{com melhor final para as pretas.}) 17. dxe5 ({A continuacao} 17. Rg1 Rf8
18. h4 Qa4 19. dxe5 Nxe5 20. f4 Nf7 21. Qg2 Bc6
{(Szalanczy - Hertneck, Vienna 1996) nao muda muito.}) 17... Nxe5 18. f4 Nf7
19. Qg2 N7d6 20. Rg1 Re8 21. Kd1 Ne4
{O jogo preto e mais facil porque os Bispos brancos sao passivos e as suas pecas maiores estao em mas colocacoes.}
22. Bg4 Nxc3+ 23. Kc1 (23. Bxc3 Qxc3 24. Ra2 Qd4+ 25. Kc1 c3 $17
{- e as brancas ficam praticamente sem a Torre em a2}) 23... Nd4 $1
{Naturalment e e terrivel tirar o Cavalo que vigia a casa g7, mas Lputian calculou as variantes.}
24. Be6+ (24. Bxd7 $4 Nde2+ 25. Kb2 Qb6+ {ganhando.}) 24... Nxe6 25. f5 Ne2+
26. Kd1 Nc3+ 27. Kc1 Ne2+ 28. Kd1 Qc7 $1
{As pretas estao jogando por uma vitoria. E nao esta claro em que momento desta partida as brancas tiveram uma iniciativa.}
29. fxe6 Bxe6 30. Re1 ({Muito triste e} 30. Qxg7+ Qxg7 31. Rxg7+ Kxg7 32. Kxe2
Bg4+ 33. Kf1 Bh3+ 34. Kg1 Re2) 30... Nd4 31. Qg3 Qf7 32. Bc3 Nc6
{Ameacando d5-d4.} 33. Be5 d4 34. f4 Bf5 35. Kd2 c3+ 36. Kc1 Rd8 37. Rb1 $2 Rd7
$2 (37... Nxe5
{ganha imediatamente, pois a captura em e5 e respondida pela entrada da Dama em a2 -}
38. Rxe5 (38. fxe5 Qa2) 38... Qa2 $1 39. Rxf5 d3) 38. Ra1
{As brancas perceberam o perigo que corriam e retornaram a Torre.} 38... h6
{O lance de Lputian e solido demais.} ({Mais forte era} 38... Qd5) 39. Rg1 Kh7
40. Qf2 Qd5 $19 41. Qg2 Nxe5 42. Qxd5 Rxd5 43. fxe5 Rxe5 44. Rb1 Re2 45. Rxb7
Rxc2+ 46. Kd1 Rd2+ 47. Ke1 Bg6 48. Rd7 d3 0-1

[Event "Campeonato Mundial da FIDE"]
[Site "CXC"]
[Date "2004.06.20"]
[Round "1.2"]
[White "Karjakin, Sergey"]
[Black "Kobalia, Mikhail"]
[Result "0-1"]
[WhiteElo "2580"]
[BlackElo "2630"]
[EventDate "2004.06.19"]
[Annotator "GM Mikhail Golubev"]
[PlyCount "82"]
[Source "Chess Today"]
[SourceDate "2004.06.21"]

1. e4 e5 2. Nf3 Nc6 3. Bb5 a6 4. Ba4 Nf6 5. O-O Be7 6. Re1 b5 7. Bb3 d6 8. c3
O-O 9. h3 Na5 10. Bc2 c5 11. d4 Qc7 12. Nbd2 cxd4 13. cxd4 Nc6 14. Nb3 a5
15. Be3 a4 16. Nbd2 Bd7 17. Rc1 Qb7 18. a3 Rfe8 19. Bd3 exd4 20. Nxd4 Ne5
21. Bb1 Bd8 $1
{Foi jogada uma extensa linha classica da Ruy Lopez. Agora as pretas possuem bom jogo - a fraqueza em d6 nao e importante.}
22. f4 $6 $146
{Seria muito bom para as brancas se esta tentativa realmente funcionasse. Mas na verdade Karjakin expoe bastante a sua posicao.} (
{Nas partidas anteriores as brancas tentaram manter o equilibrio com o mais modesto dos lances:} 
22. Qe2 Rb8 23. f3 {Wedberg-Tisdall, Osterskars 1995}) ({ou} 22. N4f3 h6
23. Bd4 Ba5 $1 {Stefansson-Tisdall, Reykjavik 1996}) 22... Nc4 $1
{A posicao preta deve ser preferivel.} 23. Nxc4 bxc4 24. Rxc4 (24. e5 $6 dxe5
25. fxe5 Rxe5 {nao e bom para as brancas.}) 24... Ba5 $5
{Um bom e solido lance.} ({Mais arriscado, porem mais interessante, seria} 
24... Qxb2 $5 25. Rb4 (25. Qd3 Ba5) 25... Qxa3) 25. Bd2 ({Tanto} 25. Rf1 d5 $5) (
{quanto} 25. Re2 $6 Nxe4 $17 {com a ameaca 26...Cg3 nao satisfaz as brancas.})
25... Bb6 $1 26. Qf3 $4
{Outro lance muito otimista - mas desta vez e perdedor.} ({Apos} 26. Rb4
{(ou 26.Be3)} 26... Nxe4 27. Be3
{a posicao teria ficado aproximadamente igual. Mesmo que as pretas estejam ligeiramente melhores, nada de especial pode ser visto aqui.})
26... d5 $1 {Um golpe decisivo.} 27. exd5 ({Tambem e inutil} 27. Rb4 dxe4 $1
28. Qf2 Nd5 29. Rc4 Bb5 $19) 27... Bxd4+ 28. Rxd4 Qxb2
{As brancas possuem, alem de um Peao a mais, algumas vantagens posicionais. O unico problema e que elas nao conseguem defender as suas pecas.}
29. Be3 ({Depois de} 29. Qd3 Bb5 30. Rb4 Qxb4 31. Bxb4 Bxd3 32. Bxd3 Nxd5
{dificilmente as brancas conseguem evitar a derrota.}) 29... Qxd4 $1 30. Bxd4 (
{Uma alternativa era} 30. Bxh7+
{seguido de 31.Bxd4, com uma posicao objetivamente perdida para as brancas.})
30... Rxe1+ 31. Kh2 Rxb1 32. Bxf6 gxf6 33. Qg3+ Kf8
{A Dama branca nao e capaz de destruir a coordenacao que ha entre as pecas do oponente. Alem disso, as pretas devem estar ganhas.}
34. Qd3 Rb6 35. Qxh7 Ra5 36. h4 Rxd5 37. h5 Rb2 38. f5 Rxf5 39. h6 Rg5 40. Kh1
Rbxg2 41. Qe4 Rg1+ 0-1

[Event "Campeonato Mundial da FIDE"]
[Site "CXC"]
[Date "2004.06.21"]
[Round "2.1"]
[White "Filippov, Valerij"]
[Black "Van Wely, Loek"]
[Result "1-0"]
[WhiteElo "2639"]
[BlackElo "2651"]
[EventDate "2004.??.??"]
[Annotator "GM Mikhail Golubev"]
[PlyCount "65"]
[Source "Chess Today"]
[SourceDate "2004.06.23"]

1. Nf3 c5 2. c4 Nf6 3. Nc3 d5 4. cxd5 Nxd5 5. e4
{Uma aguda linha da Abertura Inglesa.} 5... Nb4 ({No final que surge apos} 
5... Nxc3 6. dxc3 $1 Qxd1+ 7. Kxd1
{as brancas possuem pequena - porem estavel - vantagem, pois a posicao preta esta enfraquecida devido ao lance ... c5.})
6. Bc4 (6. Bb5+ N8c6 7. d4 cxd4 8. a3 dxc3 9. Qxd8+ Kxd8 10. axb4 cxb2 11. Bxb2
{era a principal linha na decada de 1990, mas as pretas encontraram suficientes argumentos aqui.})
6... Nd3+ ({Depois de} 6... Be6 7. Bxe6 Nd3+ 8. Kf1 fxe6 9. Ng5 $1
{as pretas experimentam alguns problemas.}) 7. Ke2 $1 ({Mais forte do que} 
7. Kf1 Nc6 8. Qb3 e6) 7... Nf4+ 8. Kf1 Ne6 ({E nao} 8... Nc6 $6 9. d4 $1) 9. b4 (
{A alternativa mais interessante e} 9. Ne5 $5 g6 $1 10. Qa4+ (10. d4 $2 cxd4
11. Qa4+ Nc6 $1 {Suba}) 10... Bd7
{e por muito tempo isto nao foi considerado perigoso para as pretas. Apos}
11. Nxd7 (11. Qb3 Nc6 $1 12. Nxc6 Bxc6 13. Bxe6 fxe6 14. Qxe6 Qd3+ 15. Kg1 Bg7
{com compensacao - Suba}) 11... Qxd7 12. Bxe6 fxe6 13. Qxd7+ Kxd7 {, curioso e}
14. e5 $5 $146 {(uma novidade)} 14... Bg7 15. Ne4 b6 16. f4 Rf8 17. d4 Nc6
18. g3 Nxd4 19. Kg2
{com boa compensacao, pois o Bispo esta trancado por seus proprios Peoes (Vallejo-Fernandez Romero, Dos Hermanas 2002). No entanto, Vallejo nao repetiu esta linha em partidas posteriores.})
9... cxb4 ({E aqui, uma importante alternativa e} 9... g6
{(um contra sacrificio!)} 10. bxc5 Bg7 (10... Nxc5 $6 11. d4) 11. Bxe6 Bxe6
12. d4 {Vallejo-Leko, Linares 2003.}) 10. Ne2 ({Depois de} 10. Nd5
{as pretas igualaram com} 10... g6 $1 11. Bb2 Bg7
{em diversas partidas de alto nivel.}) 10... Nc7 ({Agora} 10... g6 $2
{perde para} 11. Bb2 Bg7 12. Bxe6 Bxb2 13. Bxf7+ $1 $16
{Kavalek-Zimmermann, Bundesliga 1983}) 11. d4 e6
{Uma interessante e complicada posicao. Certamente as brancas possuem compensacao pelo Peao, mas elas estao melhores?}
12. h4 $1 (12. Bb2 Nd7 $5 13. h4 Nf6 14. Bd3 Bd7 15. h5 h6
{nao foi mau para as pretas na partida Psakhis-Vaganian, Lvov 1984.}) 12... Nd7 (
{Van Wely ja tentou} 12... b5 13. Bd3 Bb7
{contra Loginov em Aeroflot Open 2002.}) 13. h5 $5 (13. Bg5 Be7 14. Rc1
{ocorreu na partida Kasparov-Gruenberg, Simultanea 1985.}) 13... h6 $146 (
{Em uma partida por correspondencia foi jogado} 13... Nb6 14. Bd3 h6 {e entao}
15. Bf4 $5 {transpos para a partida aqui analisada.}) 14. Bf4 Nb6 15. Bd3 Bd7 (
15... Be7 $6 16. Rc1 $1) (15... Bd6
{era possivel, mas parece um pouco ilogico.}) 16. Ne5 Ba4 ({Nao} 16... Bb5 $6
17. Nxf7 $1 Kxf7 18. Bxc7 Qxc7 19. Bxb5) 17. Qd2 Be7 $6
{Este lance aparentemente natural nao e muito preciso.} ({O imediato} 17... Nb5
$5 {e mais forte. Entao as brancas podem tentar} 18. Kg1 (
{para evitar coisas do tipo} 18. Rc1 Nxd4 19. Nxd4 Qxd4 20. Bb5+ $4 Bxb5+
{xeque!})) 18. Rh3 $1 Nb5 (18... O-O
{parece perigoso para as pretas. As brancas podem jogar} 19. Nf3 $5 (
{tambem merece atencao} 19. Rg3 Bh4)) 19. Rg3 $1
{As pretas nao podem defender o seu Peao g7 confortavelmente.} 19... Nxd4 (
{Dificilmente basta} 19... Rg8 20. Bxh6 Bf6 21. Qf4 $5) ({depois de} 19... Kf8
{as brancas possuem} 20. Qb2 {com a ideia de jogar d5!}) (19... Bf8
{(este e um lance tipico de computadores - algo como aquilo que Fritz jogou contra Kramnik)}
20. d5 $5 {com iniciativa}) (19... Bf6
{parece mais humano, porem perde um Peao:} 20. Qxb4) 20. Rxg7 Rf8 21. Rc1 $1 (
{E nao} 21. Bxh6 $2 Nxe2 22. Bxe2 (22. Qxe2 Qd4 $1) 22... Qxd2 23. Bxd2 Bf6 $17
{e as pretas ganham material.}) 21... Bf6 ({Era possivel trocar um Cavalo:} 
21... Nc6 22. Nxc6 Bxc6 {mas apos} 23. Bxh6
{provavelmente as brancas estao melhores.}) 22. Rg3 Nxe2 ({Agora} 22... Nc6
{perde um Peao:} 23. Nxc6 Bxc6 24. Qxb4) 23. Qxe2 Bxe5 $2
{Um erro estrategico.} (23... a6 $5
{seria uma chance melhor, mas de qualquer maneira a vida preta estaria muito penosa.})
24. Bxe5 {O Bispo tambem e forte aqui.} 24... Rc8 25. Rxc8 Nxc8 $6 (25... Qxc8
26. Qe3 $1 {com uma grande vantagem.}) 26. Bg7
{Agora as brancas estao simplesmente ganhas.} 26... Qa5 ({Se} 26... Rg8 27. Bf6
$1 {ganha imediatamente.}) 27. Bxf8 Kxf8 28. Qd2 Ne7 29. Qxh6+ Ke8 30. Qg5 Qb6
31. h6 Ng6 32. h7 Qd4 33. Kg1 1-0

[Event "Campeonato Mundial da FIDE"]
[Site "CXC"]
[Date "2004.06.22"]
[Round "2.2"]
[White "Aleksandrov, A."]
[Black "Nakamura, H."]
[Result "1/2-1/2"]
[WhiteElo "2668"]
[BlackElo "2580"]
[EventDate "2004.06.19"]
[Annotator "GM Mikhail Golubev"]
[PlyCount "57"]
[Source "Chess Today"]
[SourceDate "2004.06.24"]

1. d4 d5 2. c4 c6 3. Nc3 Nf6 4. e3 e6 5. Nf3 Nbd7 6. Qc2 Bd6 7. g4
{Este lance e muito popular na atualidade - um belo retrato do xadrez moderno!}
7... dxc4 ({As pretas possuem varias opcoes. Por exemplo} 7... Bb4
{foi tentado por El Gindy contra Alexandrov na primeira rodada deste mesmo torneio.})
8. Bxc4 e5 9. g5 (9. h3 O-O 10. Bd2 b5 $146 11. Be2 b4 12. dxe5 Nxe5 13. Na4
Nxf3+ 14. Bxf3 Qe7
{com bom jogo para as pretas, foi testado em outra partida da primeira rodada: Kempinski-Lastin.})
9... Nd5 10. Ne4 ({Uma alternativa e} 10. Bd2
{contra a qual Alexei Shirov recentemente introduziu uma bela ideia para as pretas:}
10... exd4 11. Nxd4 O-O $5) 10... Bb4+ 11. Bd2 Bxd2+ $1 ({Depois de} 11... Qe7
12. O-O-O $1 Bxd2+ {e as brancas podem tomar em d2 com a Torre.}) 12. Qxd2 Qe7
13. a3 $146 {Uma novidade.} ({O ponto e que apos o natural} 13. O-O-O
{as pretas tem} 13... N7b6 $1 {e as brancas estao quase forcadas a jogar}
14. Be2 ({tanto} 14. Nxe5 f6 $1) ({quanto} 14. Bb3 Bg4 $1 {favorece as pretas})) (
{um metodo interessante para prevenir ...Bg4 e} 13. Rg1 $5
{- que ja foi testado na pratica}) ({apos} 13. Bxd5 cxd5 14. Ng3
{as pretas devem jogar} 14... e4 $1 15. Nf5 Qf8 $1 {- I.Almasi}) (
{eu creio que} 13. Bb3 $5 {merece alguma atencao.}) 13... N7b6 $1 14. Ba2 Bh3
$1 (14... Bg4 $2 15. Nxe5) 15. Rg1 (15. Nxe5 $2 Bg2) 15... exd4 16. Qxd4 O-O-O
$1
{Gracas a sua vantagem no desenvolvimento as pretas estao no minimo superiores.}
17. Ng3 $6 f5 $1
{Provavelmente as brancas se esqueceram dessa importante ideia. Agora as pretas assumem a iniciativa.}
18. gxf6 ({E nao} 18. O-O-O $2 Bg4 $1) ({ou} 18. Qe5 $2 Qxe5 19. Nxe5 Rhe8)
18... Nxf6 19. Qb4 Qd7 $1 20. Ne5 Qc7 21. Nf7 ({Se} 21. f4
{as pretas podem atacar com} 21... g5 $5) 21... Nbd5 22. Qh4 Bg4 $3
{Evitando o roque branco.} ({Se} 22... Qxf7 23. Qxh3+ Kb8 24. O-O-O
{seria aproximadamente igual}) ({uma disputavel alternativa era} 22... g5 $5
{com a ideia de} 23. Qxh3+ g4 {seguido de 24...Dxf7.}) 23. Nxd8 $2
{Ou as brancas subestimaram o perigo, ou nao encontraram uma variante decente.} (
{Um} 23. Ne4 $1
{era necessario. De qualquer forma, as pretas estariam melhor aqui tambem, mas a coisa nao esta tao facil assim. Por exemplo,}
23... Qa5+ (23... Qxf7 24. Nxf6) (23... g5 $5) 24. Kf1 Qb5+ 25. Kg2 Qe2
26. Ned6+ Rxd6 27. Nxd6+ Kd7 28. Bxd5 $5 cxd5 (28... Nxd5 29. h3 $1) 29. Nf7
Qf3+ 30. Kf1 Qe2+ {empate.}) 23... Qa5+ $3
{E inesperadamente as pretas desenvolvem um ataque decisivo.} 24. b4 ({Ou} 
24. Kf1 Qb5+ $1 25. Kg2 (25. Ke1 Qxb2) 25... Nxe3+ 26. fxe3 Qxb2+ 27. Kh1 Bf3+
{e as pretas ganham.}) 24... Qxa3 25. Kf1 Qd3+ 26. Kg2 Nxe3+ $1 (26... Nf4+ $1
{tambem ganha} 27. exf4 Qf3+ 28. Kf1 Rxd8 29. Re1 Rd1) 27. fxe3 Qc2+ 28. Kf1
Qd3+
{O empate permitiu que Nakamura ganhasse o match, por isso ele presenteou o seu adversario com um meio ponto.} (
{Apos} 28... Rxd8 $1 $19 {as pretas estao ganhas. Por exemplo} 29. Rg2 (29. Re1
Rd2) (29. Qxg4+ Nxg4 30. Be6+ Kb8 31. Bxg4 Rf8+ 32. Bf5 g6) 29... Rd1+ 30. Rxd1
Qxd1+ 31. Kf2 {e aqui as pretas liquidam o combate com} 31... g5 $1 32. Qxg5
Ne4+ 33. Nxe4 Qe2+ 34. Kg3 (34. Kg1 Qe1#) 34... Qf3+ 35. Kh4 Qh3#) 29. Kg2
1/2-1/2